Trois gnossiennes. pour piano / No. 3

Hlavní autor: Satie, Erik, 1866-1925
Jazyk: Nelze použít, není lingvistický obsah
Vydáno: Paris : Rouart, 1913
Fyzický popis: 3 s.
Hudebniny Hudebniny
Uloženo v:
LEADER 00659ncm a22002052a 4500
001 000286209
003 CZ BrMZK
005 20120911103908.0
007 qu
008 980105s1913 fr f zxx d
040 |a BOA001  |b cze 
072 7 |a 786  |x Hudba pro klávesové nástroje  |2 Konspekt  |9 9 
100 1 |a Satie, Erik,  |d 1866-1925  |7 jn20000604800  |4 cmp 
245 1 0 |a Trois gnossiennes.  |n No. 3  |h [hudebnina] :  |b pour piano /  |c Erik Satie 
260 |a Paris :  |b Rouart,  |c 1913 
300 |a 3 s. 
910 |a BOA001  |b Mus4-0545.796,3 
990 |a MU 
991 |b 201209 
996 6 |b 2619888196  |c Mus4-0545.796,3  |l MZK  |r Sklad / do 1 hodiny  |n 10  |w 000286209  |u 000010  |a 1  |e BOA001  |j MZK50  |s P